000 00531nam a2200217Ia 4500
003 OSt
005 20220928144948.0
006 a|||||r|||| 00| 0
007 ta
008 220927b |||||||| |||| 00| 0 eng d
024 _a77466
037 _cTextual
040 _aSDCL
_cSDCL
_beng
041 _2eng
_aeng
082 _aX:5385, K3
100 _aDell Sidney
_9510651
245 0 _aTrade blocs and common markets.
260 _c1963
942 _hX:5385, K3
_cTEXL
_2CC
999 _c830796
_d830796